Evénements du 19 juillet - Statistiques

Statistiques générales
  • Ce quiz a été pris 25 fois
  • Le résultat moyen est 9 sur 15
Statistiques - réponses
Hint Réponse % Correct
Début de la guerre franco-prussienne 1870
82%
Naissance de Karen Cheryl 1955
77%
Naissance du chanteur Sinclair 1970
73%
Naissance d'Edgar Degas 1834
68%
Ouverture de la 1ère ligne de métro à Paris ET Naissance d'Arno Breker 1900
68%
Naissance du tennisman Ilie Nastase 1946
68%
Edouard III fait de l'Aquitaine une principauté anglaise 1362
59%
Mort de Pétrarque 1374
59%
Marie Tudor devient reine d'Angleterre et d'Irlande 1553
59%
Naissance de l'historien Emmanuel Le Roy Ladurie 1929
55%
Mort de l'écrivain Cécile Aubry 2010
55%
Naissance de l'acteur Dalban 1903
50%
Mort d'Alain Bombard 2005
45%
Début du siège de Boulogne 1544
41%
Mort du réalisateur Gérard Oury 2006
27%
Aucun quiz correspondant
Distribution des résultats
% des personnes avec chaque résultat
Percentile par nombre de réponses
Votre historique - résultats
Vous n’avez pas pris ce quiz